Estadísticas para Tabla de Monopolio/Monopoly (España)

Haz click aquí para tomar la prueba!

Estadísticas generales

  • Esta prueba ha sido tomada 1.035 veces
  • La puntuación promedio es 12 de 36

Estadísticas de respuestas

Lugar% Correcto
Paseo de la Castellana
63%
Gran Vía
58%
Cárcel
50%
Plaza de Lavapies
49%
Calle Serrano
47%
Paseo del Prado
47%
Estación del Norte
45%
Salida
44%
Calle de Alcalá
43%
Plaza de España
43%
Estación de las Delicias
41%
Puerta del Sol
38%
Calle Velázquez
36%
Suerte
36%
Estación de Goya
35%
Ronda de Valencia
35%
Glorieta de Bilbao
34%
Calle de Cea Bermúdez
31%
Avenida de los
Reyes Católicos
30%
Calle Fuencarral
30%
Glorieta Cuatro Caminos
30%
Avenida de América
29%
Calle de Bailén
29%
Calle de Bravo Murillo
28%
Caja de Comunidad
27%
Calle Alberto Aguilera
23%
Calle de María
de Molina
23%
Vaya a la Cárcel
23%
Avenida de Reina Victoria
22%
Avenida Felipe II
22%
Compañía
de Electricidad
22%
Estación del Mediodía
22%
Compañía Distribución
de Aguas
21%
Impuesto de Lujo
21%
Parking Gratuito
21%
Impuesto Sobre el Capital
10%

Distribución de puntuación

Porcentaje por número respondido

Porcentaje de gente con cada puntuación

Historial de tus puntuaciones

No has tomado esta prueba